Star Wars Character Alphabet - Statistics

General Stats
  • This quiz has been taken 128 times
  • The average score is 19 of 26
Answer Stats
Picture Hint Answer % Correct
A Anakin Skywalker
99%
B Boba Fett
99%
D Darth Vader
99%
L Luke Skywalker
94%
J Jabba the Hutt
93%
H Han Solo
92%
R R2-D2
92%
Y Yoda
91%
M Mace Windu
90%
P Padmé Amidala
90%
F Finn
89%
O Obi-Wan Kenobi
88%
Q Qui-Gon Jin
88%
E Emperor Palpatine
82%
G Greedo
79%
S Sebulba
70%
W Wicket W. Warrick
66%
I IG-88
63%
C C-3P0
58%
N Nien Nunb
54%
T The Grand Inquisitor
53%
Z Ziro the Hutt
53%
U Unkar Plutt
37%
V Vel Sartha
29%
K Kuiil
27%
X Xi'an
15%
No matching quizzes found
Score Distribution
Percent of People with Each Score
Percentile by Number Answered
Your Score History
You have not taken this quiz